000 00576nam a2200169 4500
001 111391
003 ES-MaACL
005 20230906185308.0
007 t|
008 061121s1946 sp r ||||1| spa d
100 1 _aNájera Angulo, Luis.
_984870
245 1 0 _aObservaciones sobre canibalismo de las gambusias /
_cLuis Nájera Angulo.
260 _aMadrid :
_b[s.n.],
_c1946.
300 _a4 h. :
_bil ;
_c24 cm.
500 _aEs separata del Boletín de la Real Sociedad Española de Historia Natural. T. XLIV. 1946, pág. 15-72.
852 _aES-MaACL
_j1867-F-6
_bR.23075
999 _c111391
_d111391